[Event "Aragon-chT Preferente"]
[Site "Spain"]
[Date "2010.02.27"]
[Round "6.60"]
[White "Lencina Orodea, Javier"]
[Black "Juni Pardos, Marcos"]
[Result "0-1"]
[WhiteElo "1781"]
[BlackElo "1820"]
[PlyCount "50"]
[EventDate "2010.01.23"]
[EventType "team-swiss"]
[EventRounds "12"]
[EventCountry "ESP"]
[SourceTitle "EXT 2013"]
[Source "ChessBase"]
[SourceDate "2012.11.22"]
[SourceVersion "1"]
[SourceVersionDate "2012.11.22"]
[SourceQuality "1"]
[WhiteTeam "Caissa Hermanos Cortes II"]
[BlackTeam "Calatayud"]
[WhiteTeamCountry "ESP"]
[BlackTeamCountry "ESP"]

1. d4 d5 2. c4 c6 3. Nf3 Nf6 4. Nc3 e6 5. Bg5 Be7 6. e3 Nbd7 7. Bd3 dxc4 8. Bxc4 b5 9. Bd3 a6 10. 0-0 h6 11. Bxf6 Nxf6 12. a3 0-0 13. Rc1 Bb7 14. Ne4 Rc8 15. Nxf6+ Bxf6 16. Rc5 Be7 17. Rh5 c5 18. Bb1 cxd4 19. Qd3 f5 20. Nxd4 Qe8 21. Rh3 Bd5 22. Nxf5 Rxf5 23. g4 Bc4 24. Qe4 Bxf1 25. gxf5 Bxh3 0-1

[Event "Aragon-chT Preferente"]
[Site "Spain"]
[Date "2010.02.06"]
[Round "3.60"]
[White "Gracia Martinez, Juan Pablo"]
[Black "Lencina Orodea, Javier"]
[Result "0-1"]
[WhiteElo "1850"]
[BlackElo "1781"]
[PlyCount "112"]
[EventDate "2010.01.23"]
[EventType "team-swiss"]
[EventRounds "12"]
[EventCountry "ESP"]
[SourceTitle "EXT 2013"]
[Source "ChessBase"]
[SourceDate "2012.11.22"]
[SourceVersion "1"]
[SourceVersionDate "2012.11.22"]
[SourceQuality "1"]
[WhiteTeam "Helios"]
[BlackTeam "Caissa Hermanos Cortes II"]
[WhiteTeamCountry "ESP"]
[BlackTeamCountry "ESP"]

1. e4 e6 2. d3 d5 3. Nd2 dxe4 4. dxe4 Nf6 5. g3 Bb4 6. c3 Bc5 7. Bg2 c6 8. Ngf3 0-0 9. 0-0 h6 10. Qe2 Nbd7 11. e5 Nd5 12. Ne4 Be7 13. c4 N5b6 14. Rd1 Qc7 15. Nd6 f5 16. h4 Rd8 17. Bf4 Nf8 18. h5 Bd7 19. Nh4 Be8 20. Rac1 Rd7 21. Bh3 Qd8 22. Nxb7 Rxd1+ 23. Rxd1 Qc7 24. Nd6 Rd8 25. Kh2 c5 26. Nhxf5 exf5 27. Bxf5 Bxd6 28. exd6 Qf7 29. Bd3 Qxh5+ 30. Qxh5 Bxh5 31. Re1 Re8 32. Be5 Bg6 33. Bf1 Nfd7 34. f4 Bf5 35. b3 Nxe5 36. fxe5 Nd7 37. Bg2 Nxe5 38. Bd5+ Kh8 39. Rf1 Ng4+ 40. Kg1 Ne3 41. Re1 Bd7 42. Bf7 Rf8 43. Bg6 Nf5 44. Rf1 Rf6 45. Bxf5 Rxf5 46. Rd1 Kg8 47. Rd2 Kf7 48. Re2 Kf8 49. Rd2 Rf6 50. a3 Rf3 51. Rf2 Rxf2 52. Kxf2 a5 53. Ke3 Kf7 54. b4 axb4 55. axb4 cxb4 56. Kd4 Ke6 0-1